Role of governor: a constitutional and legal study (Record no. 485691)

000 -LEADER
fixed length control field 00516cam a22001577a 4500
008 - FIXED-LENGTH DATA ELEMENTS--GENERAL INFORMATION
fixed length control field 180718b1998 xxu||||| |||| 00| 0 eng d
082 ## - DEWEY DECIMAL CLASSIFICATION NUMBER
Classification number APPPA 97-98 GOS/7
100 ## - MAIN ENTRY--PERSONAL NAME
Personal name Goswami, Suchitra
245 ## - TITLE STATEMENT
Title Role of governor: a constitutional and legal study
Statement of responsibility, etc. by Suchitra Goswami
260 ## - PUBLICATION, DISTRIBUTION, ETC.
Place of publication, distribution, etc. New Delhi
Name of publisher, distributor, etc. Indian Institute of Public Administration
Date of publication, distribution, etc. 1998
300 ## - PHYSICAL DESCRIPTION
Extent 203p.
500 ## - GENERAL NOTE
General note An APPPA M.Phil. dissertation, 1997-98
650 ## - SUBJECT ADDED ENTRY--TOPICAL TERM
Topical term or geographic name entry element APPPA
650 ## - SUBJECT ADDED ENTRY--TOPICAL TERM
Topical term or geographic name entry element Constitutional law - India
650 ## - SUBJECT ADDED ENTRY--TOPICAL TERM
Topical term or geographic name entry element Governors - India
Holdings
Withdrawn status Lost status Damaged status Not for loan Permanent Location Current Location Date acquired Full call number Barcode Date last seen Price effective from Koha item type
        Indian Institute of Public Administration Indian Institute of Public Administration 2018-08-04 APPPA 97-98 GOS/7 GR14774 2018-08-04 2018-08-04 GR

Powered by Koha